| 000 | 00657cam a2200217 a 4500 | ||
|---|---|---|---|
| 999 |
_c7382 _d7382 |
||
| 001 | 7008 | ||
| 003 | BD-DhUAP | ||
| 005 | 20210120121231.0 | ||
| 008 | 210120s2000 enkabf b f000 0 eng | ||
| 020 | _a0071092463 | ||
| 040 |
_aBD-DhUAP _cBD-DhUAP _dBD-DhUAP _bEng |
||
| 082 |
_a658.1511 GAR _223 |
||
| 100 | _aGarrison, Ray H. | ||
| 245 |
_aWorkbook/Study guide for use with managerial accounting / _cRay H. Garrison and Eric W. Noreen. |
||
| 250 | _a9th ed. | ||
| 260 |
_aBoston : _bIrwin McGraw-Hill, _cc2000. |
||
| 300 |
_av, 253 pages : _billustrations ; _c27 cm. |
||
| 650 | _aManagerial accounting. | ||
| 700 | _aNoreen, Eric W. | ||
| 942 |
_2ddc _cBK |
||